| 000 | 00704nam a2200241 i 4500 | ||
|---|---|---|---|
| 001 | 175500 | ||
| 003 | ES-MaACL | ||
| 005 | 20250523063416.0 | ||
| 007 | t| | ||
| 008 | 101102s1983 sp r ||||1| spa d | ||
| 020 | _a84-86217-00-8 | ||
| 080 | _a821.134.2-2"19" | ||
| 100 | 1 |
_aRiaza, Luis _996690 |
|
| 245 | 1 | 0 |
_aAntígona_ ¡cerda! ; Mazurka ; Epílogo / _cde Luis de Riaza. |
| 260 |
_a[S. l. ] : _bJulia García Verdugo, _cD. L. 1983. |
||
| 300 |
_a104 p. ; _c18 cm. |
||
| 490 | 1 |
_aLa avispa. Teatro ; _v4 |
|
| 740 | 0 | 2 | _aMazurka. |
| 740 | 0 | 2 | _aEpílogo. |
| 830 | 0 |
_aLa avispa. Teatro ; _v4 _9189783 |
|
| 852 |
_aES-MaACL _j2264-F-5 _xOlim P-269 |
||
| 999 |
_c175500 _d175500 |
||